[Event "Sauerland Bezirksliga 0304"]
[Site "Sauerland"]
[Date "2004.01.25"]
[Round "?"]
[White "Zuschlag, Joerg"]
[Black "Hermaneck, Ingrid"]
[Result "0-1"]
[WhiteElo "1619"]
[BlackElo "1722"]
[PlyCount "80"]
[EventDate "2003.10.12"]
[EventType "team"]
[EventRounds "7"]
[EventCountry "GER"]
[SourceTitle "EXT 2007"]
[Source "ChessBase"]
[SourceDate "2006.11.23"]
[SourceVersion "1"]
[SourceVersionDate "2006.11.23"]
[SourceQuality "1"]
[WhiteTeam "Koenigsspringer Luedenscheid III"]
[BlackTeam "Halver II"]
[WhiteTeamCountry "GER"]
[BlackTeamCountry "GER"]

1. e4 d6 2. d4 Nf6 3. Bd3 g6 4. Bg5 Bg7 5. c3 0-0 6. Ne2 h6 7. Bh4 g5 8. Bg3 Nh5 9. 0-0 Bg4 10. h3 Nxg3 11. fxg3 Bh5 12. g4 Bg6 13. Ng3 e6 14. Nd2 c5 15. Nf3 cxd4 16. cxd4 Qb6 17. Qb3 Bxd4+ 18. Nxd4 Qxd4+ 19. Kh2 b6 20. Rad1 Qe5 21. Qb5 Qxb5 22. Bxb5 Rd8 23. Rf2 a6 24. Ba4 b5 25. Bb3 Ra7 26. Rfd2 Rad7 27. Bc2 Nc6 28. Ne2 Na5 29. b3 Nb7 30. Nd4 Rc7 31. Bd3 Rdc8 32. a4 bxa4 33. bxa4 Nc5 34. Re1 Nxd3 35. Rxd3 d5 36. Nb3 Bxe4 37. Rd4 Rc4 38. Rxc4 Rxc4 39. Nd2 Rxa4 40. Nxe4 dxe4 0-1

[Event "Nuremberg-ch op 03rd"]
[Site "Nuremberg"]
[Date "2003.05.31"]
[Round "2"]
[White "Schaefer, Erich"]
[Black "Zuschlag, Joerg"]
[Result "0-1"]
[WhiteElo "1310"]
[BlackElo "1652"]
[PlyCount "102"]
[EventDate "2003.05.30"]
[EventType "swiss"]
[EventRounds "5"]
[EventCountry "GER"]
[SourceTitle "EXT 2006"]
[Source "ChessBase"]
[SourceDate "2005.11.24"]
[SourceVersion "1"]
[SourceVersionDate "2005.11.24"]
[SourceQuality "1"]

1. e4 e6 2. Nf3 d5 3. e5 c5 4. Bb5+ Bd7 5. Bxd7+ Nxd7 6. 0-0 Qb6 7. d4 cxd4 8. Nxd4 Nxe5 9. Qe2 Qxd4 10. Qb5+ Nd7 11. Be3 Qc4 12. Qxb7 Rb8 13. Qxa7 Bc5 14. Bxc5 Qxc5 15. Qa4 Rxb2 16. Nd2 Qb4 17. Qa8+ Qb8 18. Qa3 Ne7 19. Nb3 Rxc2 20. Rab1 Qd8 21. Nd4 Rc8 22. Rb7 0-0 23. Qg3 Ng6 24. h3 Nc5 25. Rbb1 Ne4 26. Qe3 Rc3 27. Qe2 Qg5 28. Nf3 Rxf3 29. Qxf3 Nd2 30. Qd1 Nxf1 31. Kxf1 Nh4 32. g3 Nf5 33. a4 Ra8 34. Rb7 Qd8 35. Rb1 Nd6 36. Ra1 Nc4 37. h4 Qa5 38. Ra2 f6 39. Kg2 Rb8 40. Qg4 Qa6 41. Re2 Ne5 42. Rxe5 fxe5 43. h5 Rf8 44. h6 g6 45. a5 Rf5 46. Qb4 Qa7 47. f4 exf4 48. Qd6 f3+ 49. Kf1 Qe3 50. Qb8+ Rf8 51. Qb7 Qe2+ 0-1

[Event "Nuremberg-ch op 02nd"]
[Site "Nuremberg"]
[Date "2002.06.23"]
[Round "4"]
[White "Spiess, Martin"]
[Black "Zuschlag, Joerg"]
[Result "1-0"]
[WhiteElo "1883"]
[BlackElo "1619"]
[PlyCount "115"]
[EventDate "2002.06.21"]
[EventType "swiss"]
[EventRounds "5"]
[EventCountry "GER"]
[SourceTitle "EXT 2006"]
[Source "ChessBase"]
[SourceDate "2005.11.24"]
[SourceVersion "1"]
[SourceVersionDate "2005.11.24"]
[SourceQuality "1"]

1. d4 c5 2. d5 Nf6 3. c4 g6 4. Nc3 Bg7 5. e4 d6 6. Be2 0-0 7. f4 Nbd7 8. Nf3 a6 9. a4 Qc7 10. 0-0 Kh8 11. Qc2 Re8 12. f5 Ng4 13. h3 Nge5 14. Be3 e6 15. Nxe5 Nxe5 16. f6 Bf8 17. Qd2 exd5 18. Bh6 Qd8 19. Bxf8 Rxf8 20. Nxd5 Nc6 21. Bg4 Be6 22. Qh6 Rg8 23. Rad1 Qf8 24. Qxf8 Rgxf8 25. Bxe6 fxe6 26. Nc7 Rab8 27. Nxe6 Rf7 28. Ng5 Rff8 29. Rxd6 Nd4 30. f7 h6 31. Rxd4 hxg5 32. Rd5 Kg7 33. Rxc5 Rxf7 34. Rxf7+ Kxf7 35. Kf2 Kf6 36. Ke3 b6 37. Rc6+ Kf7 38. e5 b5 39. axb5 axb5 40. c5 Ra8 41. Rb6 Ra1 42. Rxb5 Ke6 43. Rb6+ Kxe5 44. Rxg6 Kf5 45. Rb6 Rg1 46. Kf2 Rc1 47. b4 g4 48. hxg4+ Kxg4 49. Ke3 Kf5 50. Rd6 Rc4 51. Rd4 Rc3+ 52. Rd3 Rc2 53. g4+ Kxg4 54. Ke4 Kg5 55. Kd5 Kf6 56. Re3 Rb2 57. Kc4 Rc2+ 58. Kb5 1-0